01172 2200385 4500001002100000005001500021035002000036007000300056008004100059020002200100082001600122084001800138100002300156245011400179300004600293650002800339700002900367700003000396264003000426336002100456337003000477338002300507040002200530090002200552850001200574504003400586999002200620250002000642990002200662990002000684990002000704990002000724990002200744990002000766INLIS00000000088610320250619084647 a0010-0424000730ta240429s2023 yoia g | ind d a978-623-01-3570-504223a658.456 a658.456 SAR p0 aSartonoePengarang10aPengelolaan rapat atau pertemuan SMK/MAK kelas XI fase f /cSartono, Handrito Alwi; penyunting, Venan Anantya axx, 156 halaman :bgambar, tabel ;c25 cm 4aRapat umum--xManajemen0 aHandrito AlwiePengarang0 aVenan AnantyaePenyunting31aYogyakarta :bAndi,c2023 2rdacontentateks 2rdamediaatanpa perantara 2rdacarrieravolume aYOPDYOGbinderda aCB-D.11 2023-4756 aYOPDYOG aBibliografi : halaman 149-151 aCB-D.11/2023-4756 aCetakan I: 2024 aCB-D.11/2023-4756 a73143-PD/B.2024 a73423-PD/A.2025 a73423-PD/A.2025 aCB-D.11/2023-4756 a73143-PD/B.2024